La gravedad y la gracia: el discurso del subcomandante Marcos
Na minha lista:
| Autor principal: | |
|---|---|
| Formato: | Desconhecido |
| Publicado em: |
San José, Costa Rica:
Porvenir,
|
| Assuntos: | |
| Tags: |
Adicionar Tag
Sem tags, seja o primeiro a adicionar uma tag!
|
MARC
| LEADER | 000000000a22000000004500 | ||
|---|---|---|---|
| 001 | 001681 | ||
| 022 | |a 0804-7383 | ||
| 041 | 0 | |a español | |
| 092 | 0 | |a Revista Noruega de Estudios Latinoamericanos | |
| 100 | 1 | |a Pellicer, Juan | |
| 245 | 1 | 3 | |a La gravedad y la gracia: |b el discurso del subcomandante Marcos |
| 260 | |a San José, Costa Rica: |b Porvenir, | ||
| 650 | 4 | |a EJERCITO ZAPATISTA DE LIBERACION NACIONAL (MEXICO) | |
| 773 | 0 | |t Revista Noruega de Estudios Latinoamericanos. Corriente del Golfo | |
| 773 | 0 | |g número 3-4 (1998) | |
| 773 | 0 | |g 1970-? | |
| 773 | 0 | |g 171-184 páginas | |
| 999 | |c 1972 |d 1972 | ||
